Statistiques concernant Noël par lettre - C

Cliquez ici pour prendre le quiz!

Statistiques générales

  • Ce quiz a été pris 275 fois
  • Le résultat moyen est 8 sur 10

Statistiques - réponses

IndiceRéponse% Correct
Vin effervescent bu à l'occasion des fêtesChampagne
90%
Santa y passe pour pénétrer dans les maisonsCheminée
90%
Pour nourrir des rennes ou construire un
bonhomme de neige
Carotte
87%
Sacré Empereur d'Occident le 25 décembre 800Charlemagne
86%
Interprète d'All I Want for Christmas Is YouMariah Carey
86%
Autre Roi des Francs, baptisé le 25 décembre 499Clovis
78%
Combustible offert aux enfants pas sagesCharbon
74%
Représentation de la Nativité, sculpturale
ou théâtrale, avec des santons en Provence
Crèche
70%
Confiserie d'Aix, l'un des 13 desserts provençauxCalisson
65%
Renne du Père Noël portant le nom du dieu
romain de l'Amour
Cupidon
64%

Distribution des résultats

Percentile par nombre de réponses

% des personnes avec chaque résultat

Votre développement - résultats

Vous n’avez pas pris ce quiz